The urban challenge. (Record no. 9076)

000 -LEADER
fixed length control field 00656nam a2200205 a 4500
001 - CONTROL NUMBER
control field :::00006857$&:&@@
003 - CONTROL NUMBER IDENTIFIER
control field OkBaRHE
005 - DATE AND TIME OF LATEST TRANSACTION
control field 20000607103333.0
008 - FIXED-LENGTH DATA ELEMENTS--GENERAL INFORMATION
fixed length control field s1982 j 000 0 eng u
020 ## - INTERNATIONAL STANDARD BOOK NUMBER
International Standard Book Number 0805462384 (pbk.)
040 ## - CATALOGING SOURCE
Transcribing agency
100 1# - MAIN ENTRY--PERSONAL NAME
Personal name Rose, Larry L. and Hadaway, C. Kirk,
245 14 - TITLE STATEMENT
Title The urban challenge.
260 ## - PUBLICATION, DISTRIBUTION, ETC. (IMPRINT)
Place of publication, distribution, etc Nashville, TN., :
Name of publisher, distributor, etc Broadman Press
Date of publication, distribution, etc c1982
300 ## - PHYSICAL DESCRIPTION
Extent 167 p. : illus. ;
Dimensions 21 cm.
650 ## - SUBJECT ADDED ENTRY--TOPICAL TERM
Topical term or geographic name as entry element City Churches
General subdivision Addresses, Essays, Lectures
700 ## - ADDED ENTRY--PERSONAL NAME
Personal name Hadaway, C. Kirk, Joint ed.
942 ## - ADDED ENTRY ELEMENTS (KOHA)
Source of classification or shelving scheme
Koha item type Books
Copies
Permanent Location Date last seen Damaged status Barcode Withdrawn status Date acquired Full call number Copy number Not for loan Price effective from Source of classification or shelving scheme Koha item type Shelving location Lost status
RHEMA Bible Training College2010-04-14 6857 2010-04-14BV 637 .U721 2010-04-14 BooksGeneral Stacks